000 00438nam a2200157 i 4500
001 bg
100 1 _aADAMSKA, Barbara
245 0 _aEfektywność ekonomiczna stosowania tworzyw sztucznych w budownictwie /
_cBarbara Adamska.
260 _aWarszawa,
_c1977.
650 9 _aTworzywa sztuczne
_xstosowanie
_xbudownictwo
040 _cBPK
041 _apol
080 _a691:678
942 _cKS
008 s pl f |000 0 pol
999 _c27581
_d27581
856 _uhttp://koha.tu.koszalin.pl/cgi-bin/koha/opac-detail.pl?biblionumber=27581
_yKatalog online BPK